000 00446nam a2200181Ia 4500
005 20250423101159.0
008 250422s9999 xx 000 0 und d
020 _a0- 19-503094-X
050 _aQP 356.3 .C66/
100 _aJack R. Cooper
245 4 _aThe biochemical basis of neuropharmacology
250 _a4th ed.
260 _bOxford university press
260 _c1982
300 _a367 p
650 _aNeurochemistry
942 _cBK
999 _c35533
_d35533